Michel Foucault: las palabras y las cosas
שמור ב:
| מחבר ראשי: | |
|---|---|
| פורמט: | ספר |
| שפה: | ספרדית |
| יצא לאור: |
Madrid
Magisterio Español
1978
|
| סדרה: | Colección crítica filosófica, 18
|
| נושאים: | |
| תגים: |
הוספת תג
אין תגיות, היה/י הראשונ/ה לתייג את הרשומה!
|
MARC
| LEADER | 00000nam a2200000 a 4500 | ||
|---|---|---|---|
| 001 | UCX0540 | ||
| 003 | CL-VaPUC | ||
| 008 | 891106e19780000SP |||||||||||||||||spa|d | ||
| 082 | 0 | 4 | |a 149.9 |b RAS |2 21 |
| 100 | 0 | |a Rassam, Joseph |e author |9 315955 | |
| 245 | 1 | 0 | |a Michel Foucault: las palabras y las cosas |
| 300 | |a 142 p | ||
| 942 | |c BK | ||
| 945 | |d 19891106 00:00:00 | ||
| 260 | |a Madrid |b Magisterio Español |c 1978 | ||
| 600 | 0 | |a Foucault, Michel |9 257945 | |
| 650 | 0 | |a Estructuralismo |9 265696 | |
| 650 | 0 | |a Análisis |x Filosofía |9 269356 | |
| 583 | |a last modification |c 19891106 00:00:00 |k Rodrigo Vera | ||
| 490 | 0 | |a Colección crítica filosófica, 18 | |
| 999 | |c 222111 |d 222109 | ||
| 952 | |0 0 |1 0 |4 0 |6 149_900000000000000_RAS_1978 |7 0 |8 A |9 216381 |a BIBEDU |b BIBEDU |d 2019-11-15 |i 2849933 |o 149.9 RAS 1978 |p 2849933 |r 2019-11-15 |w 2019-11-15 |y BK |k FIL | ||